[Event "GER-chB U25"]
[Site "Oberhof"]
[Date "2011.06.14"]
[Round "4"]
[White "Buchallik, Jakob"]
[Black "Goujov, Alexander"]
[Result "0-1"]
[WhiteElo "1451"]
[BlackElo "1309"]
[PlyCount "94"]
[EventDate "2011.06.11"]
[EventType "swiss"]
[EventRounds "9"]
[EventCountry "GER"]
[SourceTitle "CBM 142 Extra"]
[Source "ChessBase"]
[SourceDate "2011.06.27"]
[SourceVersion "1"]
[SourceVersionDate "2011.06.27"]
[SourceQuality "1"]

1. e4 e6 2. d4 d5 3. exd5 exd5 4. Bd3 Bd6 5. Nf3 Nc6 6. c3 Bg4 7. Nbd2 Nge7 8. Qc2 Qd7 9. 0-0 h6 10. Kh1 0-0 11. Ng1 Rae8 12. f3 Bf5 13. Nb3 Bxd3 14. Qxd3 Qf5 15. Qxf5 Nxf5 16. Bd2 Ne3 17. Rfe1 Nc4 18. Rxe8 Rxe8 19. Rb1 f5 20. g3 a5 21. Re1 Rxe1 22. Bxe1 a4 23. Nd2 Nxb2 24. Nf1 Nd3 25. Bd2 Na5 26. Ne2 Nc4 27. Bf4 Bxf4 28. gxf4 Ne1 29. Nfg3 g6 30. Nf1 Nxf3 31. Kg2 Nfd2 32. Nc1 Nxf1 33. Kxf1 Nd2+ 34. Ke2 Ne4 35. Kd3 g5 36. Ne2 Kf7 37. c4 Ke6 38. a3 Kd6 39. c5+ Kc6 40. Ke3 b6 41. cxb6 Kxb6 42. Ng1 g4 43. Ne2 Kb5 44. Kd3 h5 45. Ng3 h4 46. Ne2 g3 47. hxg3 h3 0-1

[Event "GER-chB U25"]
[Site "Oberhof"]
[Date "2011.06.12"]
[Round "2"]
[White "Goujov, Alexander"]
[Black "Martin, Raphael"]
[Result "1/2-1/2"]
[WhiteElo "1309"]
[BlackElo "1431"]
[PlyCount "73"]
[EventDate "2011.06.11"]
[EventType "swiss"]
[EventRounds "9"]
[EventCountry "GER"]
[SourceTitle "CBM 142 Extra"]
[Source "ChessBase"]
[SourceDate "2011.06.27"]
[SourceVersion "1"]
[SourceVersionDate "2011.06.27"]
[SourceQuality "1"]

1. d4 d5 2. c4 e6 3. Nc3 Nf6 4. Bg5 c6 5. Nf3 Be7 6. e3 0-0 7. Qc2 Nbd7 8. a3 c5 9. dxc5 Bxc5 10. b4 Be7 11. c5 Qc7 12. Nd4 Ne5 13. Bf4 Nfd7 14. Ncb5 Qd8 15. c6 bxc6 16. Nxc6 Nxc6 17. Qxc6 Nb6 18. Nc7 Bd7 19. Qc2 Rc8 20. Ba6 Rb8 21. Qe2 Bf6 22. Rc1 e5 23. Bg3 Qe7 24. 0-0 Qd6 25. Rfd1 Bc6 26. Nxd5 Nxd5 27. e4 Qe6 28. exd5 Bxd5 29. Rc5 Rfd8 30. Bxe5 Bxe5 31. Qd3 Bb2 32. Rxd5 Rxd5 33. Qxd5 Qxd5 34. Rxd5 Bxa3 35. Rd7 Bxb4 36. Rxa7 Bc5 37. Rb7 1/2-1/2